Statistics for Transformers - The Wreckers Quiz

Click here to take the quiz!

General Stats

  • This quiz has been taken 251 times
  • The average score is 11 of 22

Answer Stats

HintAnswer% Correct
Ground AssaultRoadbuster
77%
CartographerTopspin
77%
LeaderSpringer
75%
WatchmakerWhirl
69%
SeargentKup
67%
Former LeaderImpactor
63%
First InTwin Twist
60%
SniperPerceptor
55%
LiasonUltra Magnus
54%
SeasicknessBroadside
50%
ParadonSandstorm
50%
Fan BoyIronfist
48%
ConjoinedRack 'n Ruin
44%
"Defense Specialist"Leadfoot
44%
Airborne TurbomasterRotorstorm
42%
"Primus Apotheosis"Pyro
41%
SwordsmasterDrift
40%
"Pneumatix"Guzzle
39%
Non-CybertronianVerity Carlo
28%
TargetmasterScoop
24%
SurvivorInferno
18%
TurncoatValve
12%

Score Distribution

Percentile by Number Answered

Percent of People with Each Score

Your Score History

You have not taken this quiz